000 00612nam a22002177a 4500
003 UA-OsUOA
001 52332
007 ta
008 20080211b un ||||| |||| 00| 0 ukr d
100 _aКучма І.
090 _a81
_bК-12
942 _cSA
040 _aUA-OsUOA
_bukr
_cUA-OsUOA
_dUA-OsUOA
245 _aДоба перекладої непевности
300 _aС.13-19
955 _a0
041 _aukr
080 _a81
773 0 _w52330
_tКритика
_dК.
_d2007
_g12
650 7 _a8 Мовознавство. Художня література. Літературознавство
_2UDC
999 _c338424
_d338424